=LDR 00000nam 2200000 4500 =001 INLIS000000000052444 =005 20210118103641 =035 ##$$a 0010-0218000140 =007 ta =008 210118################g##########0#ind## =020 ##$$a 978 - 007 - 591 - 591 =082 ##$$a 324.026 =084 ##$$a 324.026 UND u =245 ##$$a Undang-undang pilkada : $b (UU RI no 22 Tahun 2014) (Perpu no 1 tahun 2014) pemilihan gubernur bupati dan walikota =260 ##$$a Jakarta :$b Sinar Grafika,$c 2014 =300 ##$$a viii, 662 hlm. ; $c 21 x 11 cm. =650 #4$$a Pilkada - Undang-undang =990 ##$$a 21708671 =990 ##$$a 21708670 =990 ##$$a 21708669